मानव अधिकार एवं कर्तव्य / (Record no. 7352)

MARC details
000 -LEADER
fixed length control field 00995 a2200265 4500
005 - DATE AND TIME OF LATEST TRANSACTION
control field 20191227162223.0
008 - FIXED-LENGTH DATA ELEMENTS--GENERAL INFORMATION
fixed length control field 080916t xxu||||| |||| 00| 0 hin d
010 ## - LCCN (DPL NO)
LC control number HIN-80931
020 ## - INTERNATIONAL STANDARD BOOK NUMBER
Terms of availability 450.00
International Standard Book Number 8185245959
035 ## - SYSTEM CONTROL NUMBER
System control number HN-53277
035 ## - SYSTEM CONTROL NUMBER
System control number B-246656
035 ## - SYSTEM CONTROL NUMBER
System control number B-242405, B-242415
035 ## - SYSTEM CONTROL NUMBER
System control number B-242402
035 ## - SYSTEM CONTROL NUMBER
System control number B-242401
035 ## - SYSTEM CONTROL NUMBER
System control number B-242381
037 ## - SOURCE OF ACQUISITION
Source of stock number/acquisition D.B.Act / pub
082 ## - DEWEY DECIMAL CLASSIFICATION NUMBER
Classification number 323
245 ## - TITLE STATEMENT
Title मानव अधिकार एवं कर्तव्य /
Statement of responsibility, etc संपादक आर.पी.जोशी
246 ## - VARYING FORM OF TITLE
Title proper/short title Manav Adhikar Avam Kartavya
Remainder of title Ed by R.P.Joshi
260 ## - PUBLICATION, DISTRIBUTION, ETC. (IMPRINT)
Place of publication, distribution, etc अजमेर
Name of publisher, distributor, etc अभिनव प्रकाशन
Date of publication, distribution, etc 2006
270 ## - ADDRESS
Address प्रथम मंजिल, 56, कचहरी रोड
City अजमेर
Telephone number 0145- 2431158
300 ## - PHYSICAL DESCRIPTION
Extent xiv,448पृ
Dimensions 22 सेमी (सजिल्द)
700 ## - ADDED ENTRY--PERSONAL NAME
Personal name जोशी, आर.पी.
9 (RLIN) 43965
942 ## - ADDED ENTRY ELEMENTS (KOHA)
Institution code [OBSOLETE] dpl
Item type Hindi Books
Call number prefix 323 / मानव
Source of classification or shelving scheme Dewey Decimal Classification
Classification part 323
Call number suffix मानव
Holdings
Withdrawn status Lost status Source of classification or shelving scheme Damaged status Not for loan Home library Current library Date acquired Cost, normal purchase price Total Checkouts Full call number Barcode Date last seen Copy number Cost, replacement price Koha item type Collection code Public note Source of acquisition
    Dewey Decimal Classification     D.B.Act.Division D.B.Act.Division 16/09/2008 450.00   323 मानव HN-53277 15/09/2008 1 450.00 Hindi Books      
    Dewey Decimal Classification     R.C.Libraries (BL-IV) R.C.Libraries (BL-IV) 27/12/2019 450.00 1 323 मानव B-242415 09/01/2020   450.00 Hindi Books Non-fiction   BPPD/PUB
    Dewey Decimal Classification     Sarojini Nagar Sarojini Nagar 20/03/2012 450.00   323 मानव B-242402 20/03/2012   450.00 Hindi Books Non-fiction    
    Dewey Decimal Classification     Sarojini Nagar Sarojini Nagar 23/03/2012 450.00   323 मानव B-242406 23/03/2012   450.00 Hindi Books Non-fiction    
    Dewey Decimal Classification     Sarojini Nagar Sarojini Nagar 26/03/2012 450.00   323 मानव B-242405 26/03/2012   450.00 Hindi Books Non-fiction    
    Dewey Decimal Classification     Sarojini Nagar Sarojini Nagar 26/03/2012 450.00   323 मानव B-242381 26/03/2012   450.00 Hindi Books Non-fiction Withdrawn List Prepared L.No.123/21  
    Dewey Decimal Classification     Sarojini Nagar Sarojini Nagar 31/03/2012 450.00   323 मानव B-242401 31/03/2012   450.00 Hindi Books Non-fiction    

© Delhi Public Library
Hit Counter
free hit counter